• 首页
  • 本馆介绍
  • 公告通知
  • 最新文献
  • 馆藏检索
  • 电子资源
  • 读者导购
  • 参考咨询
  • 我的图书馆
  • 登录
  • 详细信息显示
  • 放入我的书架
  • 预约/预借图书
  • 作者相关作品
  • 分类相关作品
  • 丛书相关作品
  • 出版社相关作品

书目信息

  • 表格格式
  • 工作单格式
  • 卡片格式
题名:
走进“十三五”
    
 
作者: ;广东省中国特色社会主义理论体系研究中心 编
分册:  
出版信息: 广州   广东人民出版社  2016
页数: 218页
开本: 25cm
丛书名:
单 册:
中图分类: F123.399
科图分类:
主题词: 国民经济计划--guo min jing ji ji hua--五年计划--中国--2016-2020
电子资源:
ISBN: 978-7-218-10941-1
000 00888nam0 22002291 450
001 0119171254
005 20170619171254.0
010    @a978-7-218-10941-1@dCNY40.00
100    @a20160922d2016 em y0chiy50 ea
101 0  @achi
102    @aCN@b440000
105    @aa z 000yy
106    @ar
200 1  @a走进“十三五”@9zou jin shi san wu@f广东省中国特色社会主义理论体系研究中心编
210    @a广州@c广东人民出版社@d2016
215    @a218页@c彩图@d25cm
330    @a本书分为:“十三五”规划的知道原则与发展目标、创新发展、协调发展、绿色发展、开放发展和共享发展6个部分。
606 0  @a国民经济计划@9guo min jing ji ji hua@x五年计划@y中国@z2016-2020
690    @aF123.399@v5
711 02 @a广东省中国特色社会主义理论体系研究中心@9guang dong sheng zhong guo te se she hui zhu yi li lun ti xi yan jiu zhong xin@4编
801  0 @aCN@b百万庄@c20170616
905    @b1012071-6@dF123.399@e279@f6
    
    走进“十三五”/广东省中国特色社会主义理论体系研究中心编.-广州:广东人民出版社,2016
    218页:彩图;25cm
    
    
    ISBN 978-7-218-10941-1:CNY40.00
    本书分为:“十三五”规划的知道原则与发展目标、创新发展、协调发展、绿色发展、开放发展和共享发展6个部分。
●
相关链接 在E读中查询图书 在五车中查询图书 在当当中查询图书 在豆瓣中查询图书


正题名:走进"十三五"     索取号:F123.399/279         预约/预借

序号 登录号 条形码 馆藏地/架位号 状态 备注
1 1012071   210120714   第一样本阅览室/ [索取号:F123.399/279] 在馆    
2 1012072   210120723   教育系资料室/ [索取号:F123.399/279] 在馆    
3 1012073   210120732   教育系资料室/ [索取号:F123.399/279] 在馆    
4 1012074   210120741   教育系资料室/ [索取号:F123.399/279] 在馆    
5 1012075   210120750   第一借阅区/ [索取号:F123.399/279] 在馆    
6 1012076   210120769   第一借阅区/ [索取号:F123.399/279] 在馆    
唐山师范学院图书馆 欢迎您!
大连网信软件有限公司© 版权所有